00670cam a22001694a 4500020004300000040000800043082002600051100002600077245008000103260003600183300003400219650003500253650003400288942001000322999001700332952015100349 a9781439828731 (hardcover : alk. paper) cDLC00a333 TAY 2O11 A118 Or.1 aEccleston, Charles H.10aEnvironmental impact assessment :ba guide to best professional practices / aBoca Raton :bCRC Press,c2011. axxi, 268 p. :bill. ;c24 cm. 0aEnvironmental impact analysis. 0aEnvironmental impact analysis cAEDBB c20747d20747 0010406333_000000000000000_TAY_2O11_A118_OR70992243aLBAbLBAcA118d2022-11-23o333 TAY 2O11 A118 Or.pa070046r2022-11-23w2022-11-23yAEDBB